[Event "Stuttgarter Stadtmeisterschaft A"]
[Site "Ditzingen"]
[Date "2008.05.01"]
[Round "3.47"]
[White "Bacquele, Fabrice"]
[Black "Notegger, Peter"]
[Result "0-1"]
[WhiteElo "1626"]
[BlackElo "1952"]
[PlyCount "56"]
[EventDate "2008.05.??"]
[EventType "swiss"]
[EventRounds "7"]
[EventCountry "GER"]

1. e4 c6 2. d4 d5 3. exd5 cxd5 4. c4 Nf6 5. Nc3 Nc6 6. Bf4 a6 7. h3 e6 8. Nf3
Bb4 9. a3 Bxc3+ 10. bxc3 O-O 11. c5 Qa5 12. Be2 Ne4 13. O-O Nxc3 14. Qc2 Nxe2+
15. Qxe2 Qa4 16. Rfd1 Ne7 17. Bd6 Re8 18. Ng5 f6 19. Nxh7 Kxh7 20. Qh5+ Kg8 21.
c6 Qxc6 22. Rac1 g6 23. Rxc6 gxh5 24. Rc7 Nf5 25. Bf4 Re7 26. Rdc1 Rxc7 27.
Rxc7 Nxd4 28. g4 Ne2+ 0-1

[Event "Stuttgarter Stadtmeisterschaft A"]
[Site "Ditzingen"]
[Date "2008.05.01"]
[Round "3.48"]
[White "Ringoir, Guy"]
[Black "Stoll, Guido"]
[Result "1-0"]
[WhiteElo "1941"]
[BlackElo "1914"]
[PlyCount "59"]
[EventDate "2008.05.??"]
[EventType "swiss"]
[EventRounds "7"]
[EventCountry "GER"]

1. e4 c5 2. Nc3 g6 3. f4 Bg7 4. Nf3 Nc6 5. Bb5 Nd4 6. O-O Nxb5 7. Nxb5 Nf6 8.
d3 O-O 9. c4 a6 10. Nc3 d6 11. Qe1 Bd7 12. Qh4 b5 13. f5 b4 14. Ne2 gxf5 15.
Bh6 Bxh6 16. Qxh6 Ng4 17. Qh5 Kh8 18. Ng5 Nf6 19. Qh6 Qe8 20. Ng3 Rg8 21. exf5
Rg7 22. Rae1 Qf8 23. Rf4 Re8 24. Rh4 Qg8 25. Rxe7 Rxe7 26. Qxf6 Qf8 27. Rxh7+
Kg8 28. Rxg7+ Qxg7 29. Qxe7 Qd4+ 30. Kh1 1-0

[Event "Stuttgarter Stadtmeisterschaft A"]
[Site "Ditzingen"]
[Date "2008.05.01"]
[Round "3.50"]
[White "Schmid, Eugen"]
[Black "Gehringer, Frank"]
[Result "1/2-1/2"]
[WhiteElo "1960"]
[BlackElo "2035"]
[PlyCount "44"]
[EventDate "2008.05.??"]
[EventType "swiss"]
[EventRounds "7"]
[EventCountry "GER"]

1. d4 d5 2. Nf3 Nf6 3. c4 c6 4. Nc3 dxc4 5. a4 Bf5 6. e3 e6 7. Bxc4 Bd6 8. Qe2
Ne4 9. O-O O-O 10. Rd1 Nd7 11. Bd3 Nxc3 12. bxc3 Bxd3 13. Qxd3 f5 14. e4 fxe4
15. Qxe4 Qe7 16. Re1 Rae8 17. Bg5 Qf7 18. Rab1 e5 19. Qd3 b6 20. dxe5 Bxe5 21.
Rbd1 Nc5 22. Qc2 Bf4 1/2-1/2

[Event "Stuttgarter Stadtmeisterschaft A"]
[Site "Ditzingen"]
[Date "2008.05.01"]
[Round "3.51"]
[White "Ferstl, Manfred"]
[Black "Fingerhut, Armin"]
[Result "0-1"]
[WhiteElo "2021"]
[BlackElo "1919"]
[PlyCount "32"]
[EventDate "2008.05.??"]
[EventType "swiss"]
[EventRounds "7"]
[EventCountry "GER"]

1. e4 c5 2. Nf3 Nc6 3. Nc3 Nf6 4. g3 d5 5. exd5 Nxd5 6. Bg2 Bg4 7. Ne2 e6 8. c3
Be7 9. Qa4 Bf5 10. d4 O-O 11. O-O h6 12. Ne5 Nxe5 13. dxe5 Qc7 14. f4 Bd3 15.
Re1 Rfd8 16. Be4 Nb6 0-1

[Event "Stuttgarter Stadtmeisterschaft A"]
[Site "Ditzingen"]
[Date "2008.05.01"]
[Round "3.52"]
[White "Janata, Andreas"]
[Black "Wolff, Cascal"]
[Result "1-0"]
[WhiteElo "1979"]
[BlackElo "1832"]
[PlyCount "91"]
[EventDate "2008.05.??"]
[EventType "swiss"]
[EventRounds "7"]
[EventCountry "GER"]

1. d4 d5 2. c4 e6 3. cxd5 exd5 4. Nc3 Nc6 5. Bf4 Nf6 6. e3 Bb4 7. Bd3 Ne4 8.
Nge2 Be6 9. O-O Nxc3 10. Nxc3 Bd6 11. Bxd6 Qxd6 12. a3 O-O-O 13. b4 Ne7 14. Qa4
a6 15. b5 Bd7 16. Qa5 Qb6 17. Qxb6 cxb6 18. Rfc1 Kb8 19. bxa6 g5 20. a4 Be6 21.
axb7 Kxb7 22. Nb5 Rd7 23. a5 bxa5 24. Rxa5 Nc8 25. Ra2 Kb8 26. Rac2 h5 27. Rc6
Rb7 28. Nd6 Nxd6 29. Rxd6 Rd7 30. Rxd7 Bxd7 31. f3 Rc8 32. Rxc8+ Kxc8 33. Kf2
Be6 34. Bc2 Kd7 35. Bb3 Kd6 36. e4 f5 37. exf5 Bxf5 38. g3 Be6 39. h4 g4 40.
Bd1 Ke7 41. Ke3 Kf6 42. fxg4 hxg4 43. Kf4 Kg6 44. Bxg4 Bf7 45. Ke5 Kh6 46. Be6
1-0

[Event "Stuttgarter Stadtmeisterschaft A"]
[Site "Ditzingen"]
[Date "2008.05.01"]
[Round "3.53"]
[White "Heeke, Guido"]
[Black "Schlachetzki, Horst"]
[Result "1-0"]
[WhiteElo "1944"]
[BlackElo "1968"]
[PlyCount "77"]
[EventDate "2008.05.??"]
[EventType "swiss"]
[EventRounds "7"]
[EventCountry "GER"]

1. c4 Nf6 2. Nc3 e5 3. Nf3 Nc6 4. g3 Bb4 5. Bg2 O-O 6. O-O Bxc3 7. bxc3 e4 8.
Ng5 Re8 9. f3 exf3 10. Nxf3 d6 11. Rb1 Ne5 12. d3 h6 13. Qc2 c6 14. Bf4 Ng6 15.
Bc1 Ng4 16. e4 N4e5 17. Nd4 Qc7 18. h3 Be6 19. Be3 b6 20. Kh2 Rad8 21. Rbd1 Rb8
22. a4 a6 23. Rb1 Bd7 24. Nf5 c5 25. Qd2 Bxf5 26. exf5 Nf8 27. Bd5 Kh7 28. f6
g5 29. Kg2 Ne6 30. h4 Rg8 31. Be4+ Ng6 32. h5 Rbf8 33. hxg6+ fxg6 34. Bxg5 h5
35. Rh1 Rh8 36. Rxh5+ Kg8 37. Rxh8+ Kxh8 38. Rh1+ Kg8 39. Bd5 1-0

[Event "Stuttgarter Stadtmeisterschaft A"]
[Site "Ditzingen"]
[Date "2008.05.01"]
[Round "3.54"]
[White "Streiter, Manfred"]
[Black "Kreiter, Thomas"]
[Result "0-1"]
[WhiteElo "1968"]
[BlackElo "1781"]
[PlyCount "52"]
[EventDate "2008.05.??"]
[EventType "swiss"]
[EventRounds "7"]
[EventCountry "GER"]

1. d4 d5 2. Nf3 Nf6 3. Bg5 Bf5 4. Bxf6 gxf6 5. e3 e6 6. Bd3 Bg6 7. Bxg6 hxg6 8.
Nbd2 Nd7 9. e4 c6 10. c3 Bd6 11. Qb3 Qb6 12. Qxb6 Nxb6 13. b3 O-O-O 14. a4 e5
15. a5 Nd7 16. O-O-O Rhe8 17. Rhe1 exd4 18. Nxd4 Nc5 19. Re2 Nxe4 20. Nxe4 Rxe4
21. Rxe4 dxe4 22. a6 Be5 23. axb7+ Kxb7 24. g3 c5 25. Ne2 Rd3 26. Kc2 Rf3 0-1

[Event "Stuttgarter Stadtmeisterschaft A"]
[Site "Ditzingen"]
[Date "2008.05.01"]
[Round "3.55"]
[White "Diele, Ralf"]
[Black "Bergner, Philipp"]
[Result "1/2-1/2"]
[WhiteElo "1965"]
[BlackElo "1749"]
[PlyCount "138"]
[EventDate "2008.05.??"]
[EventType "swiss"]
[EventRounds "7"]
[EventCountry "GER"]

1. e4 c5 2. Nf3 d6 3. d4 cxd4 4. Nxd4 Nf6 5. Nc3 a6 6. Be2 e5 7. Nf3 h6 8. O-O
Be6 9. Be3 Be7 10. a4 O-O 11. a5 Nbd7 12. Nd2 d5 13. exd5 Nxd5 14. Nxd5 Bxd5
15. Nc4 Bxc4 16. Bxc4 Qc7 17. b3 Rad8 18. Qf3 Bc5 19. Rfd1 Bxe3 20. fxe3 Nf6
21. Rxd8 Rxd8 22. Bd3 Qc3 23. Rb1 Qxa5 24. Qxb7 Qc5 25. Qf3 e4 26. Bxe4 Re8 27.
Bf5 Rxe3 28. Qf2 g6 29. b4 Qa7 30. c4 gxf5 31. c5 Qe7 32. Rf1 Qe5 33. Qxf5 Qxf5
34. Rxf5 Re6 35. h3 Kg7 36. Rf3 Nd5 37. Rb3 Rc6 38. b5 axb5 39. Rxb5 Nc7 40.
Ra5 Ne6 41. Ra3 Rxc5 42. Kf2 Kf6 43. Ke3 Kg5 44. g3 Rc1 45. Ra5+ Kg6 46. Ra3
Rg1 47. Kf2 Rh1 48. h4 Rh2+ 49. Ke3 Ng7 50. Ra4 Nf5+ 51. Kf4 Rf2+ 52. Ke5 Nxg3
53. Rg4+ Kh5 54. Rxg3 Kxh4 55. Rg1 h5 56. Rh1+ Kg4 57. Rg1+ Kh3 58. Rh1+ Rh2
59. Rf1 Kg3 60. Rxf7 Re2+ 61. Kd4 h4 62. Rg7+ Kh2 63. Kd3 Re8 64. Rg4 h3 65.
Kd2 Kh1 66. Rg3 h2 67. Kd1 Ra8 68. Ke2 Ra2+ 69. Kf1 Ra1+ 1/2-1/2

[Event "Stuttgarter Stadtmeisterschaft A"]
[Site "Ditzingen"]
[Date "2008.05.01"]
[Round "3.56"]
[White "Rudhart, Michael"]
[Black "Felser, Martin"]
[Result "1-0"]
[WhiteElo "1917"]
[BlackElo "1963"]
[PlyCount "87"]
[EventDate "2008.05.??"]
[EventType "swiss"]
[EventRounds "7"]
[EventCountry "GER"]

1. d4 g6 2. e4 d6 3. c4 c6 4. Nc3 Bg7 5. Be3 Nh6 6. f3 f5 7. Qd2 Nf7 8. Bd3 e5
9. d5 f4 10. Bf2 Na6 11. a3 Nc7 12. O-O-O cxd5 13. exd5 Bd7 14. Kb1 O-O 15. h4
Qe7 16. Qc2 Nh6 17. h5 Bf5 18. hxg6 hxg6 19. Nge2 Bxd3 20. Qxd3 Nf5 21. Rdg1 g5
22. g3 fxg3 23. Nxg3 Nh4 24. Rxh4 gxh4 25. Nf5 Rxf5 26. Qxf5 Rf8 27. Qh5 Qf6
28. Bxh4 Qxf3 29. Qxf3 Rxf3 30. Be7 Ne8 31. Ne4 Kh8 32. Nxd6 Nxd6 33. Bxd6 Rf4
34. Rxg7 Kxg7 35. Bxe5+ Rf6 36. Kc2 Kf7 37. Bxf6 Kxf6 38. Kd3 Ke5 39. b4 a6 40.
a4 b6 41. a5 b5 42. cxb5 Kxd5 43. bxa6 Kc6 44. Kc4 1-0

[Event "Stuttgarter Stadtmeisterschaft A"]
[Site "Ditzingen"]
[Date "2008.05.02"]
[Round "4.1"]
[White "Rau, Hannes"]
[Black "Luther, Thomas"]
[Result "1-0"]
[WhiteElo "2424"]
[BlackElo "2539"]
[PlyCount "93"]
[EventDate "2008.05.??"]
[EventType "swiss"]
[EventRounds "7"]
[EventCountry "GER"]

1. d4 Nf6 2. c4 g6 3. Nc3 d5 4. Nf3 Bg7 5. Bf4 O-O 6. Rc1 dxc4 7. e4 Bg4 8.
Bxc4 Nh5 9. Be3 Bxf3 10. gxf3 e5 11. dxe5 Bxe5 12. Qxd8 Rxd8 13. Ne2 Nc6 14.
O-O Nd4 15. Nxd4 Bxd4 16. Rfd1 Bxb2 17. Rxd8+ Rxd8 18. Rb1 Be5 19. Rxb7 Rd1+
20. Bf1 Nf4 21. Rxa7 Ne2+ 22. Kg2 Nf4+ 23. Bxf4 Bxf4 24. Bc4 Rc1 25. Bb3 Rb1
26. Ra8+ Kg7 27. Rd8 Rb2 28. Rd7 g5 29. Rxf7+ Kg6 30. h4 Be3 31. h5+ Kh6 32.
Rxc7 Rxf2+ 33. Kg3 Bf4+ 34. Kxf2 Bxc7 35. Bf7 Kg7 36. Be6 Kf6 37. Bf5 h6 38.
Ke3 Ke5 39. Kd3 Kd6 40. Kc4 Ba5 41. a4 Bd2 42. Kb5 Bc3 43. a5 Bd4 44. Bh3 Bf6
45. a6 Bd4 46. e5+ Kxe5 47. Kc6 1-0

[Event "Stuttgarter Stadtmeisterschaft A"]
[Site "Ditzingen"]
[Date "2008.05.02"]
[Round "4.3"]
[White "Reinhart, Emmanuel"]
[Black "Gutman, Lev"]
[Result "0-1"]
[WhiteElo "2298"]
[BlackElo "2484"]
[PlyCount "57"]
[EventDate "2008.05.??"]
[EventType "swiss"]
[EventRounds "7"]
[EventCountry "GER"]

1. e4 c5 2. Nf3 d6 3. d4 cxd4 4. Nxd4 Nf6 5. Nc3 a6 6. Be3 Qc7 7. Be2 e6 8. O-O
Be7 9. f4 O-O 10. Qe1 b5 11. Bf3 Bb7 12. e5 Ne8 13. Qg3 Nd7 14. f5 dxe5 15.
fxe6 exd4 16. exd7 Qxg3 17. hxg3 Bxf3 18. Bxd4 Bc6 19. dxe8=Q Rfxe8 20. Rfe1
Rad8 21. Rad1 b4 22. Ne2 Be4 23. c3 Bc2 24. Rd2 Bf5 25. Kf2 Be6 26. Nf4 Bxa2
27. Rde2 Rd7 28. Kf3 Bc4 29. Re3 {
Rest der Partie nicht lesbar bzw. Partieformular nicht vollstaendig} 0-1

[Event "Stuttgarter Stadtmeisterschaft A"]
[Site "Ditzingen"]
[Date "2008.05.02"]
[Round "4.4"]
[White "Schebler, Gerhard"]
[Black "Raykhman, Alexander"]
[Result "1-0"]
[WhiteElo "2442"]
[BlackElo "2242"]
[PlyCount "83"]
[EventDate "2008.05.??"]
[EventType "swiss"]
[EventRounds "7"]
[EventCountry "GER"]

1. Nf3 Nf6 2. g3 g6 3. b3 Bg7 4. Bb2 O-O 5. Bg2 d6 6. d4 e5 7. dxe5 Ng4 8. Nc3
Nxe5 9. Nxe5 dxe5 10. Qxd8 Rxd8 11. Nd5 Rd7 12. O-O-O Nc6 13. h4 f6 14. a3 Rf7
15. Nb4 Nxb4 16. axb4 Kf8 17. Rd8+ Ke7 18. Rhd1 Rf8 19. R8d2 Re8 20. b5 Bh6 21.
e3 a6 22. Ba3+ Kf7 23. b6 cxb6 24. Bxb7 Bxb7 25. Rd7+ Kg8 26. Rxb7 Rab8 27. Ra7
Ra8 28. Rdd7 Rxa7 29. Rxa7 a5 30. Rb7 Re6 31. Be7 f5 32. Bd8 f4 33. gxf4 exf4
34. Bxb6 fxe3 35. Bxe3 Bxe3+ 36. fxe3 Rxe3 37. Kd2 Rh3 38. c4 Rxh4 39. c5 Kf8
40. c6 Ke8 41. Rb8+ Ke7 42. c7 1-0

[Event "Stuttgarter Stadtmeisterschaft A"]
[Site "Ditzingen"]
[Date "2008.05.02"]
[Round "4.5"]
[White "Lammers, Markus"]
[Black "Höschele, Hans-Ulrich"]
[Result "1-0"]
[WhiteElo "2371"]
[BlackElo "2212"]
[PlyCount "139"]
[EventDate "2008.05.??"]
[EventType "swiss"]
[EventRounds "7"]
[EventCountry "GER"]

1. e4 e5 2. Nf3 Nc6 3. d4 exd4 4. Nxd4 Bc5 5. Nxc6 Qf6 6. Qd2 bxc6 7. Nc3 Qg6
8. f4 h5 9. Bd3 Nh6 10. Qe2 Qg4 11. Qf1 Qh4+ 12. g3 Qe7 13. Na4 Bb4+ 14. c3 Ba5
15. Bd2 d6 16. O-O-O Bd7 17. h3 c5 18. Bc2 Bc6 19. f5 Kf8 20. g4 f6 21. Qa6 Bb6
22. c4 Nf7 23. Nc3 Rb8 24. Rhg1 Bb7 25. Qa4 hxg4 26. hxg4 Qe8 27. Nd5 Qxa4 28.
Bxa4 Ne5 29. b3 Bxd5 30. exd5 Nf3 31. Rh1 Ke7 32. Bc3 Ne5 33. Bb5 a6 34. Bxa6
Rxh1 35. Rxh1 Ra8 36. Bb5 Rxa2 37. Rg1 Rf2 38. Rg3 Rf4 39. Kc2 Kf7 40. Bxe5
dxe5 41. Bd7 g5 42. Be6+ Kg7 43. Kb2 Rf1 44. Rd3 e4 45. Rg3 Ba5 46. Kc2 Rf2+
47. Kd1 Rd2+ 48. Kc1 Rd3 49. Rxd3 exd3 50. d6 cxd6 51. Bd5 Kf8 52. Be4 d2+ 53.
Kc2 d5 54. cxd5 Ke7 55. Bf3 Kd6 56. Kd1 Ke5 57. Kc2 Kf4 58. Bd1 Ke3 59. d6 Kf2
60. Kd3 Ke1 61. Kc2 Bd8 62. Bf3 Kf2 63. Bd1 Ke3 64. Kc3 Ke4 65. Kc4 Bb6 66. d7
Ke5 67. Kb5 Bd8 68. Kxc5 Bc7 69. Kc6 Bd8 70. b4 1-0

[Event "Stuttgarter Stadtmeisterschaft A"]
[Site "Ditzingen"]
[Date "2008.05.02"]
[Round "4.6"]
[White "Hirneise, Jens"]
[Black "Tuncer, Ufuk"]
[Result "1-0"]
[WhiteElo "2202"]
[BlackElo "2306"]
[PlyCount "91"]
[EventDate "2008.05.??"]
[EventType "swiss"]
[EventRounds "7"]
[EventCountry "GER"]

1. e4 c5 2. Nf3 d6 3. d4 cxd4 4. Nxd4 Nf6 5. Nc3 g6 6. Be3 Bg7 7. f3 Nc6 8. Qd2
O-O 9. Bc4 Bd7 10. Bb3 Rc8 11. O-O-O Ne5 12. Kb1 a6 13. g4 b5 14. g5 b4 15. Na4
Nh5 16. Qxb4 a5 17. Qb6 Qe8 18. Nc3 a4 19. Bd5 e6 20. Ndb5 Bxb5 21. Nxb5 exd5
22. Nxd6 Qe7 23. Nxc8 Rxc8 24. Rxd5 Nc4 25. Qa6 Qe6 26. Qxe6 fxe6 27. Rc5 Rxc5
28. Bxc5 Nxb2 29. c3 Bxc3 30. Kc2 Be5 31. Rb1 Nf4 32. Rxb2 Bxb2 33. Bd6 Nh3 34.
Kxb2 Nxg5 35. Ka3 Nxf3 36. Kxa4 Kf7 37. Kb5 Ke8 38. a4 Kd7 39. e5 Nxh2 40. a5
Nf3 41. Kc5 Nd2 42. a6 Kc8 43. Kc6 Nc4 44. a7 Na5+ 45. Kb6 Nc4+ 46. Ka6 1-0

[Event "Stuttgarter Stadtmeisterschaft A"]
[Site "Ditzingen"]
[Date "2008.05.02"]
[Round "4.9"]
[White "Wolbert, Christian"]
[Black "Wenner, Tobias"]
[Result "1/2-1/2"]
[WhiteElo "2171"]
[BlackElo "2228"]
[PlyCount "24"]
[EventDate "2008.05.??"]
[EventType "swiss"]
[EventRounds "7"]
[EventCountry "GER"]

1. d4 f5 2. c4 Nf6 3. Nc3 g6 4. g3 Bg7 5. Bg2 d6 6. e4 Nxe4 7. Nxe4 fxe4 8.
Bxe4 Nd7 9. Ne2 e5 10. Be3 exd4 11. Bxd4 Bxd4 12. Qxd4 Qf6 1/2-1/2

[Event "Stuttgarter Stadtmeisterschaft A"]
[Site "Ditzingen"]
[Date "2008.05.02"]
[Round "4.11"]
[White "Kabisch, Thilo"]
[Black "Meyner, Hannes"]
[Result "1-0"]
[WhiteElo "2284"]
[BlackElo "2146"]
[PlyCount "141"]
[EventDate "2008.05.??"]
[EventType "swiss"]
[EventRounds "7"]
[EventCountry "GER"]

1. e4 c5 2. Nf3 d6 3. d4 cxd4 4. Nxd4 Nf6 5. Nc3 a6 6. Bc4 e6 7. a3 b5 8. Ba2
Bb7 9. O-O Nc6 10. Kh1 Nxd4 11. Qxd4 Be7 12. Bg5 O-O 13. f4 Rc8 14. Rae1 Nd7
15. Bxe7 Qxe7 16. Rd1 Rc6 17. e5 d5 18. f5 Qc5 19. Qf4 d4 20. Rxd4 Nxe5 21. f6
Ng6 22. Qd2 Rcc8 23. fxg7 Kxg7 24. Bb3 Bc6 25. Qf2 Qe7 26. Ne2 Bb7 27. Ng3 Rc5
28. Qd2 Bc6 29. Rd6 Kg8 30. Qd4 Rc8 31. Kg1 Re5 32. c4 bxc4 33. Bc2 Qg5 34. Be4
Bd5 35. Rxa6 Qh4 36. Rxf7 Bxe4 37. Raa7 Rd8 38. Rg7+ Kf8 39. Raf7+ Ke8 40. Rd7
Rd5 41. Rxd8+ Rxd8 42. Rg8+ Nf8 43. Qxe4 Rd1+ 44. Kf2 Rd2+ 45. Ke1 Qxe4+ 46.
Nxe4 Rxb2 47. Nd6+ Ke7 48. Nxc4 Rc2 49. Nd2 e5 50. Rg3 Ne6 51. Rh3 Nf8 52. Kd1
Rc6 53. Ne4 Ke6 54. Kd2 Kd5 55. Kd3 Ra6 56. Nc3+ Kc5 57. a4 h6 58. Rh5 Nd7 59.
Kc2 Rg6 60. g3 Kb4 61. Rh4+ Ka5 62. Rc4 Rf6 63. Rc7 Rf2+ 64. Kb3 Nf6 65. Rc5+
Kb6 66. Rxe5 Ng4 67. Re6+ Ka5 68. h3 Nf6 69. g4 Rf3 70. Re5+ Kb6 71. Rf5 1-0

[Event "Stuttgarter Stadtmeisterschaft A"]
[Site "Ditzingen"]
[Date "2008.05.02"]
[Round "4.12"]
[White "Weisenburger, Horst"]
[Black "Schlötzer, Waldemar"]
[Result "0-1"]
[WhiteElo "2142"]
[BlackElo "2268"]
[PlyCount "110"]
[EventDate "2008.05.??"]
[EventType "swiss"]
[EventRounds "7"]
[EventCountry "GER"]

1. f4 d5 2. g3 Nf6 3. Bg2 g6 4. Nf3 Bg7 5. O-O O-O 6. d3 c6 7. c3 a5 8. Qe1
Nbd7 9. Ne5 Qc7 10. Nxd7 Bxd7 11. e4 dxe4 12. dxe4 e5 13. Na3 exf4 14. Bxf4
Qb6+ 15. Kh1 Be6 16. Qe2 Rfe8 17. Bf3 Qa6 18. Qg2 b5 19. Nc2 Nd7 20. Ne3 Ne5
21. Bxe5 Bxe5 22. Ng4 Bc4 23. Rfd1 h5 24. Nxe5 Rxe5 25. b3 Be6 26. Rd6 Qa7 27.
Qd2 Qe7 28. Bg2 Bd5 29. Rxg6+ fxg6 30. exd5 Re8 31. Rf1 Re1 32. dxc6 Rxf1+ 33.
Bxf1 Rd8 34. Qe2 Qf6 35. Kg1 Qxc6 36. Qxb5 Qxc3 37. Qg5 Qd4+ 38. Kh1 Kg7 39.
Qe7+ Kh6 40. h4 Rd7 41. Qg5+ Kh7 42. Bg2 Qa1+ 43. Kh2 Qxa2 44. Qb5 Qd2 45. Kh3
Re7 46. Be4 Qd7+ 47. Qxd7 Rxd7 48. Kg2 Kg7 49. Kf3 Kf6 50. Kf4 Rd4 51. Ke3 Rb4
52. Bd5 g5 53. hxg5+ Kxg5 54. Kf3 Rd4 55. Be4 Rxe4 0-1

[Event "Stuttgarter Stadtmeisterschaft A"]
[Site "Ditzingen"]
[Date "2008.05.02"]
[Round "4.13"]
[White "Dudek, Richard"]
[Black "Osmanovic, Faruk"]
[Result "1-0"]
[WhiteElo "2256"]
[BlackElo "2133"]
[PlyCount "85"]
[EventDate "2008.05.??"]
[EventType "swiss"]
[EventRounds "7"]
[EventCountry "GER"]

1. e4 c5 2. Nc3 d6 3. g3 Nc6 4. Bg2 e5 5. d3 g6 6. f4 Nge7 7. Nh3 Bg7 8. O-O
O-O 9. Be3 Nd4 10. Qd2 Bh6 11. Rf2 Bg4 12. Raf1 Qd7 13. f5 Bxe3 14. Qxe3 f6 15.
Qh6 gxf5 16. Ng5 fxg5 17. Qxg5+ Kh8 18. h3 Ne6 19. Qh6 Ng7 20. hxg4 f4 21. gxf4
Qxg4 22. f5 Ng8 23. Qxd6 Rae8 24. f6 Nh5 25. f7 Nf4 26. fxe8=Q Rxe8 27. Rxf4
exf4 28. Qxf4 Qg7 29. Qf7 Qd4+ 30. Qf2 Qg7 31. Nd5 Re6 32. Qxc5 Rg6 33. Nf4 Rc6
34. Qf2 Rh6 35. d4 Nf6 36. Ne6 Qg4 37. d5 Qh5 38. Qf4 Rg6 39. Qh2 Qe2 40. Rxf6
Qe1+ 41. Rf1 Qe3+ 42. Kh1 h5 43. Qe5+ 1-0

[Event "Stuttgarter Stadtmeisterschaft A"]
[Site "Ditzingen"]
[Date "2008.05.02"]
[Round "4.14"]
[White "Probst, Alexander"]
[Black "Ringoir, Tanguy"]
[Result "0-1"]
[WhiteElo "2129"]
[BlackElo "2252"]
[PlyCount "104"]
[EventDate "2008.05.??"]
[EventType "swiss"]
[EventRounds "7"]
[EventCountry "GER"]

1. e4 c5 2. Nf3 d6 3. Bb5+ Bd7 4. Bxd7+ Qxd7 5. O-O Nf6 6. Qe2 Nc6 7. c3 e6 8.
d4 cxd4 9. cxd4 d5 10. e5 Ng8 11. Bg5 Nge7 12. Nc3 h6 13. Bxe7 Bxe7 14. Rad1
Qc7 15. Rc1 O-O 16. Na4 Qa5 17. Qc2 Rac8 18. Qb3 b5 19. Nc3 a6 20. Ne2 Qb6 21.
Qe3 Na5 22. b3 Ba3 23. Rc3 Nc6 24. g4 Ne7 25. Ng3 Rxc3 26. Qxc3 Rc8 27. Qd2 Qc7
28. g5 Bc1 29. Qb4 hxg5 30. Qd6 g4 31. Ne1 Bb2 32. Nd3 Bxd4 33. Qxa6 Qb6 34.
Qa3 Ng6 35. Rc1 Rxc1+ 36. Qxc1 Nxe5 37. Qc8+ Kh7 38. Nxe5 Bxe5 39. Qc2+ g6 40.
Nf1 Qd4 41. a4 bxa4 42. bxa4 Qc4 43. Qxc4 dxc4 44. Ne3 c3 45. a5 Bd4 46. Nc2
Bc5 47. Kg2 f5 48. a6 e5 49. f3 gxf3+ 50. Kxf3 Kg7 51. Nb4 e4+ 52. Ke2 f4 0-1

[Event "Stuttgarter Stadtmeisterschaft A"]
[Site "Ditzingen"]
[Date "2008.05.02"]
[Round "4.15"]
[White "Schuh, Karsten"]
[Black "Bogenschütze, Paul jr"]
[Result "1/2-1/2"]
[WhiteElo "2207"]
[BlackElo "2102"]
[PlyCount "89"]
[EventDate "2008.05.??"]
[EventType "swiss"]
[EventRounds "7"]
[EventCountry "GER"]

1. c4 e5 2. Nc3 Nf6 3. g3 Bb4 4. Bg2 O-O 5. Nf3 Nc6 6. O-O e4 7. Ng5 Bxc3 8.
bxc3 Re8 9. d3 exd3 10. exd3 b6 11. Be3 Bb7 12. c5 Na5 13. Bxb7 Nxb7 14. cxb6
axb6 15. Qf3 Nd6 16. a4 Ra5 17. Nh3 Qa8 18. Qd1 Qc6 19. Bg5 Nd5 20. Re1 Rxe1+
21. Qxe1 h6 22. Bd2 Rxa4 23. Rxa4 Qxa4 24. c4 Nf6 25. Bc3 Nde8 26. Nf4 d6 27.
h4 Qd7 28. Qa1 b5 29. Qa8 Kh7 30. Nd5 Nxd5 31. Qxd5 bxc4 32. dxc4 c6 33. Qe4+
Kg8 34. Kg2 d5 35. cxd5 Qxd5 36. Qxd5 cxd5 37. Kf3 f6 38. Kf4 Kf7 39. h5 Ke6
40. g4 Nd6 41. Ke3 Nc4+ 42. Kf4 Ne5 43. f3 Nc6 44. Bb2 d4 45. Ke4 1/2-1/2

[Event "Stuttgarter Stadtmeisterschaft A"]
[Site "Ditzingen"]
[Date "2008.05.02"]
[Round "4.16"]
[White "Krockenberger, Martin"]
[Black "Meyer, Peter"]
[Result "1/2-1/2"]
[WhiteElo "2220"]
[BlackElo "2090"]
[PlyCount "97"]
[EventDate "2008.05.??"]
[EventType "swiss"]
[EventRounds "7"]
[EventCountry "GER"]

1. Nf3 f5 2. c4 Nf6 3. g3 g6 4. Bg2 Bg7 5. O-O d6 6. d4 O-O 7. Nc3 Qe8 8. d5 a5
9. Be3 h6 10. Qd2 Kh7 11. Rac1 Na6 12. Nd4 Ng4 13. Ncb5 Bd7 14. h3 Nxe3 15.
Qxe3 c6 16. Nc3 Nc5 17. b3 e5 18. dxe6 Nxe6 19. Nxe6 Bxe6 20. Rfd1 Qe7 21. Nd5
Qf7 22. Nf4 Rfe8 23. Nxe6 Rxe6 24. Qd2 Qe7 25. e3 Qc7 26. Qc2 Bf6 27. Rd3 Rd8
28. Rcd1 Bg7 29. Qd2 Kh8 30. a3 Kh7 31. b4 axb4 32. axb4 Bf8 33. Qa2 Ree8 34.
Ra3 d5 35. cxd5 Bxb4 36. Rad3 c5 37. d6 Qd7 38. Qa7 Rb8 39. Qb6 Red8 40. Rd5
Kg7 41. Re5 Qa4 42. Re7+ Kf6 43. d7+ Kxe7 44. Qd6+ Kf7 45. Bd5+ Kg7 46. Qe7+
Kh8 47. Qf6+ Kh7 48. Qf7+ Kh8 49. Qf6+ 1/2-1/2

[Event "Stuttgarter Stadtmeisterschaft A"]
[Site "Ditzingen"]
[Date "2008.05.02"]
[Round "4.17"]
[White "Hottes, Dieter"]
[Black "Imhof, Thomas"]
[Result "1/2-1/2"]
[WhiteElo "2208"]
[BlackElo "2088"]
[PlyCount "82"]
[EventDate "2008.05.??"]
[EventType "swiss"]
[EventRounds "7"]
[EventCountry "GER"]

1. d4 Nf6 2. c4 e6 3. Nc3 d5 4. Nf3 Be7 5. g3 O-O 6. Bg2 c5 7. cxd5 exd5 8. O-O
Nc6 9. Bg5 Be6 10. dxc5 Bxc5 11. Rc1 Bb6 12. Na4 h6 13. Bf4 d4 14. Ne5 Bd5 15.
Nxc6 bxc6 16. b3 Qe7 17. Qc2 Bxg2 18. Kxg2 Nd5 19. Bd2 Qxe2 20. Rfe1 Qb5 21.
Qxc6 Qxc6 22. Rxc6 Rfe8 23. Rxe8+ Rxe8 24. Rd6 Re5 25. Kf1 d3 26. f4 Ne3+ 27.
Bxe3 Rxe3 28. Nxb6 axb6 29. Kf2 Re2+ 30. Kf3 Rxa2 31. Rxd3 Rxh2 32. Rd8+ Kh7
33. Rb8 Rb2 34. Rxb6 g6 35. g4 Kg7 36. Rb5 Kf6 37. Rb6+ Ke7 38. Rb7+ Ke6 39.
Rb6+ Ke7 40. Rb7+ Ke6 41. Rb6+ Ke7 1/2-1/2

[Event "Stuttgarter Stadtmeisterschaft A"]
[Site "Ditzingen"]
[Date "2008.05.02"]
[Round "4.18"]
[White "Huhn, Stefan"]
[Black "Schulte, Torsten"]
[Result "0-1"]
[WhiteElo "2079"]
[BlackElo "2185"]
[PlyCount "112"]
[EventDate "2008.05.??"]
[EventType "swiss"]
[EventRounds "7"]
[EventCountry "GER"]

1. d4 c5 2. e3 Nf6 3. Nf3 d5 4. c3 e6 5. Bd3 Nc6 6. O-O Qc7 7. Nbd2 e5 8. Nxe5
Nxe5 9. dxe5 Qxe5 10. e4 dxe4 11. Nxe4 Nxe4 12. Qa4+ Bd7 13. Qxe4 Qxe4 14. Bxe4
O-O-O 15. Bf4 Be6 16. b4 cxb4 17. cxb4 Bd6 18. Bxd6 Rxd6 19. Rfc1+ Kb8 20. a3
Rhd8 21. Bc2 Rd2 22. Rd1 h6 23. Rxd2 Rxd2 24. Be4 Bc4 25. g3 b5 26. h4 Kc7 27.
a4 bxa4 28. Rc1 Rd4 29. Bc2 Kb6 30. Bxa4 Ba2 31. Rc6+ Kb7 32. Rc2 Rd1+ 33. Kh2
Bd5 34. Rc7+ Kxc7 35. Bxd1 Kc6 36. Ba4+ Kd6 37. g4 Ke5 38. Kg3 Kd4 39. f4 Kc3
40. g5 hxg5 41. fxg5 Kxb4 42. Bd1 g6 43. h5 gxh5 44. Kh4 Be4 45. Bxh5 Bg6 46.
Bf3 a5 47. Bd5 a4 48. Kg4 a3 49. Kf4 Kc3 50. Ke5 Kb2 51. Kf6 a2 52. Bxf7 Bxf7
53. Kxf7 a1=Q 54. g6 Qa7+ 55. Kf8 Qb8+ 56. Kf7 Qc7+ 0-1

[Event "Stuttgarter Stadtmeisterschaft A"]
[Site "Ditzingen"]
[Date "2008.05.02"]
[Round "4.19"]
[White "Fiderer, Lukas"]
[Black "Samu, Sorin-Mihai"]
[Result "1-0"]
[WhiteElo "2065"]
[BlackElo "2176"]
[PlyCount "61"]
[EventDate "2008.05.??"]
[EventType "swiss"]
[EventRounds "7"]
[EventCountry "GER"]

1. e4 Nc6 2. Nf3 Nf6 3. e5 Nd5 4. d4 d6 5. c4 Nb6 6. exd6 cxd6 7. Nc3 Bg4 8.
Be3 g6 9. b3 Bg7 10. Be2 O-O 11. Rc1 a6 12. d5 Bxf3 13. Bxf3 Ne5 14. Be2 f5 15.
f4 Ned7 16. O-O Qc7 17. Kh1 Rac8 18. g4 fxg4 19. Bxg4 Rcd8 20. Ne4 h6 21. Be6+
Kh7 22. Rf3 Nc5 23. Ng5+ hxg5 24. Rh3+ Bh6 25. fxg5 Nxe6 26. Rxh6+ Kg8 27. dxe6
Qc6+ 28. Kg1 Rf5 29. Rxg6+ Kf8 30. Qd4 Re5 31. Rf1+ 1-0